LEADER 03663nam a2200865 i 4500
001 nkc20213342880
003 CZ PrNK
005 20211022104804.0
007 ta
008 210712s2021 xr a e 000 0acze
015 |a cnb003342880 
020 |a 978-80-7553-006-6  |q (brožováno) 
035 |a (OCoLC)1284973620 
040 |a BOA001  |b cze  |e rda 
043 |a e-xr---  |b e-xr-pg  |2 czenas 
045 |a x9y2 
072 7 |a 373.5  |x Střední školy  |2 Konspekt  |9 22 
072 7 |a 929  |x Biografie  |2 Konspekt  |9 8 
080 |a 37.091.12-057.177.3  |2 MRF 
080 |a 373.5+377  |2 MRF 
080 |a 373/378.014.521  |2 MRF 
080 |a 373/377-055.25  |2 MRF 
080 |a 376.1  |2 MRF 
080 |a 316.344.6-056.26/.3-053.6  |2 MRF 
080 |a 316.344.6-056.36-053.6  |2 MRF 
080 |a 316.346.32-053.6-056.49  |2 MRF 
080 |a 316.346.2-055.25  |2 MRF 
080 |a 929  |2 MRF 
080 |a (437.311)  |2 MRF 
080 |a (0:82-94)  |2 MRF 
080 |a (047.53)  |2 MRF 
100 1 |a Hošek, Luboš,  |d 1968-  |7 mzk20211121688  |4 aut 
245 1 0 |a Hroznýš v dívčí škole :  |b ředitelem církevní školy pro dívky v nesnázích /  |c Luboš Hošek ; předmluva Václav Malý 
250 |a Vydání první 
264 1 |a V Praze :  |b Stanislav Juhaňák - Triton,  |c 2021 
300 |a 163 stran :  |b ilustrace ;  |c 17 cm 
336 |a text  |b txt  |2 rdacontent 
337 |a bez média  |b n  |2 rdamedia 
338 |a svazek  |b nc  |2 rdacarrier 
500 |a Na hřbetu označení: 27 
600 1 7 |a Hošek, Luboš,  |d 1968-  |7 mzk20211121688  |2 czenas 
610 2 7 |a Dívčí katolická střední škola (Praha, Česko)  |7 mzk20211122317  |2 czenas 
648 7 |a 20.-21. století  |7 ch462155  |2 czenas 
648 7 |a 1991-2020  |7 ch771949  |2 czenas 
650 0 7 |a ředitelé škol  |7 ph459481  |z Česko  |y 20.-21. století  |2 czenas 
650 0 7 |a střední školy  |7 ph116320  |z Česko  |y 20.-21. století  |2 czenas 
650 0 7 |a církevní školy  |7 ph119305  |z Česko  |y 20.-21. století  |2 czenas 
650 0 7 |a dívčí školy  |7 ph311289  |z Česko  |y 20.-21. století  |2 czenas 
650 0 7 |a speciální školy  |7 ph116231  |z Česko  |y 20.-21. století  |2 czenas 
650 0 7 |a mládež se zdravotním postižením  |7 ph138743  |z Česko  |y 20.-21. století  |2 czenas 
650 0 7 |a mládež s mentálním postižením  |7 ph328394  |z Česko  |y 20.-21. století  |2 czenas 
650 0 7 |a problémová mládež  |7 ph115420  |z Česko  |y 20.-21. století  |2 czenas 
650 0 7 |a dívky  |7 ph119743  |z Česko  |y 20.-21. století  |2 czenas 
650 0 9 |a school principals  |z Czechia  |y 20th-21st centuries  |2 eczenas 
650 0 9 |a secondary schools  |z Czechia  |y 20th-21st centuries  |2 eczenas 
650 0 9 |a church schools  |z Czechia  |y 20th-21st centuries  |2 eczenas 
650 0 9 |a girls' schools  |z Czechia  |y 20th-21st centuries  |2 eczenas 
650 0 9 |a special schools  |z Czechia  |y 20th-21st centuries  |2 eczenas 
650 0 9 |a youth with disabilities  |z Czechia  |y 20th-21st centuries  |2 eczenas 
650 0 9 |a youth with mental disabilities  |z Czechia  |y 20th-21st centuries  |2 eczenas 
650 0 9 |a problem youth  |z Czechia  |y 20th-21st centuries  |2 eczenas 
650 0 9 |a girls  |z Czechia  |y 20th-21st centuries  |2 eczenas 
651 7 |a Praha (Česko)  |7 ge118011  |2 czenas 
651 9 |a Prague (Czechia)  |2 eczenas 
655 7 |a autobiografické vzpomínky  |7 fd131854  |2 czenas 
655 7 |a rozhovory  |7 fd133303  |2 czenas 
655 9 |a autobiographical reminiscences  |2 eczenas 
655 9 |a interviews  |2 eczenas 
700 1 |a Malý, Václav,  |d 1950-  |7 jn19990209513  |4 wfw 
910 2 |a BOA001  |b 1-1469.726 
928 9 |a Triton 
990 |a BK 
995 |a 01 
991 |b 202108  |c NOV 
996 6 |b 2610872615  |c 1-1469.726  |l MZK  |r Sklad / do 1 hodiny  |n 0  |p p.v.  |w 001858450  |u 000010  |a 1  |e BOA001  |j MZK50  |s P